| 000 | 00421cam a2200169ua 4500 | ||
|---|---|---|---|
| 041 |
_aeng _h |
||
| 082 |
_a657 _bBAU/ EL |
||
| 100 | _aBauer, Royal D . | ||
| 245 |
_aElementary accounting / _cRoyal D Bauer. _hTextual Documents |
||
| 250 |
_a3 / _b. |
||
| 260 |
_aNewyork : _bBarnes & Noble,inc , _c1961. |
||
| 300 | _a221 ; . | ||
| 504 | _a | ||
| 700 | 1 | _aDarby, Poll Holland . | |
| 942 | _cBK | ||
| 999 |
_c2211 _d2211 |
||